| 000 | 00340nam a2200121 a 4500 | ||
|---|---|---|---|
| 005 | 20141022142008.0 | ||
| 008 | 120228s19uu xx 00 eng d | ||
| 050 |
_aCD-ROM _bF49 2007 |
||
| 100 | _aFinch, Byron J. | ||
| 245 |
_aInteractive models for operations and supply chain management / _cByron Finch. |
||
| 260 | _c2007. | ||
| 942 | _cAVM | ||
| 999 |
_c276625 _d276625 |
||